Advanced nutrition and human metabolism (Registro nro. 22144)

Detalles MARC
000 -Cabecera
Campo de control interno 00914nam a22002657a 4500
005 - Fecha y hora del registro
control field 20260331155654.0
008 - Elementos de Longitud Fija
fixed length control field 260327b |||||||| |||| 00| 0 spa d
020 ## - ISBN
ISBN 9780357450062
041 ## - Idioma
Codigo Idioma Inglés
082 ## - DEWEY y NOTACIÓN INTERNA
Dewey 612.39
Notación Interna G82
100 ## - AUTOR
Autor denominación Gropper, Sareen S.
Término de relación autor
245 ## - TÍTULO DE MATERIAL BIBLIOGRÁFICO
Título Advanced nutrition and human metabolism
250 ## - EDICIÓN
Edición Octava edición
260 ## - CIUDAD, EDITORIAL, AÑO
Ciudad Mason :
Nombre de la Editorial Cengage Learning,
Año 2022
300 ## - DESCRIPCIÓN
N° Páginas xxi, 634 páginas :
Otros detalles ilustraciones, gráficos, tablas ;
Dimensiones 28 cm.
440 ## - MENCIÓN DE SERIE
Título de la Serie ;
650 ## - TEMAS
Temas Tecnología (Ciencias Aplicadas)
653 ## - DESCRIPTORES
Lenguajes no controlado Metabolismo humano
654 ## - PROGRAMAS
Programa Dpto. de Ciencias de la Salud
700 ## - OTROS AUTORES
Otros autores Smith, Jack L.,
Termino Relacionado autor
700 ## - OTROS AUTORES
Otros autores Carr, Timothy P.,
Termino Relacionado autor
856 ## - URL - UBICACIÓN
URI/URL: Enlace exacto del recurso <a href="https://0u216uu8k-y-https-accessmedicina-mhmedical-com.itmsp.museknowledge.com/searchresults.aspx?q=Advanced+nutrition+and+human+metabolism">https://0u216uu8k-y-https-accessmedicina-mhmedical-com.itmsp.museknowledge.com/searchresults.aspx?q=Advanced+nutrition+and+human+metabolism</a>
Nota pública: Versión digital <a href="Véase además: Base de datos McGraw Hill Access Medicina">Véase además: Base de datos McGraw Hill Access Medicina</a>
942 ## - ELEMENTOS DE KOHA
Tipo de documento Libro
Nombre del creador Justo Noguera
Código de catalogador Mirtha Ponce
Suppress in OPAC No
Esquema de clasificación Dewey Decimal Classification
Existencias
Codigo completo Registro Colección Copia número Disponibilidad Tipo de préstamo Biblioteca Actual Procedencia (Biblioteca) Ubicacón Fecha Ingreso Tipo de Adquisición Observación Date last seen Total checkouts Price effective from Tipo de Item Estado del Material Fuente de Clasificación Damaged status Withdrawn status
612.39 G82 1088234 Universidad Católica San Pablo 1 Disponible Disponible Víctor Andrés Belaunde Víctor Andrés Belaunde Planta baja abierta 27/03/2026 Compra Medicina 27/03/2026   27/03/2026 Libro Bueno Dewey Decimal Classification